Normal view
MARC view
- United States
Entry Geographic Name
001 - CONTROL NUMBER
- control field: 15413
003 - CONTROL NUMBER IDENTIFIER
- control field: OSt
005 - DATE AND TIME OF LATEST TRANSACTION
- control field: 20260205145354.0
008 - FIXED-LENGTH DATA ELEMENTS
- fixed length control field: 260205|| aca||aabn | a|a d
040 ## - CATALOGING SOURCE
- Original cataloging agency: OSt
- Transcribing agency: OSt
151 ## - HEADING--GEOGRAPHIC NAME
- Geographic name: United States
- General subdivision: Foreign relations
- Geographic subdivision: Latin America
670 ## - SOURCE DATA FOUND
- Source citation: Work cat.: (OSt)6073: Carothers, Thomas, 1956- 15196, In the name of democracy :, c1991.